<?xml version="1.0" encoding="UTF-8"?>
<collection xmlns="http://www.loc.gov/MARC21/slim">
 <record>
  <leader>01656nam a2200205 a 4500</leader>
  <controlfield tag="001">1/36160</controlfield>
  <controlfield tag="008">081219r19831982enka     b    100 0 eng  </controlfield>
  <datafield tag="020" ind1=" " ind2=" ">
   <subfield code="a">0333331729</subfield>
  </datafield>
  <datafield tag="035" ind1=" " ind2=" ">
   <subfield code="l">38684</subfield>
  </datafield>
  <datafield tag="040" ind1=" " ind2=" ">
   <subfield code="a">MH</subfield>
   <subfield code="c">MH</subfield>
   <subfield code="d">GR-PeUP</subfield>
  </datafield>
  <datafield tag="082" ind1="0" ind2="0">
   <subfield code="a">339.5 LON</subfield>
  </datafield>
  <datafield tag="245" ind1="0" ind2="0">
   <subfield code="a">Long-run effects of short-run stabilization policy /</subfield>
   <subfield code="c">edited by Lars Calmfors.</subfield>
  </datafield>
  <datafield tag="260" ind1=" " ind2=" ">
   <subfield code="a">London :</subfield>
   <subfield code="b">Macmillan Press,</subfield>
   <subfield code="c">1983.</subfield>
  </datafield>
  <datafield tag="300" ind1=" " ind2=" ">
   <subfield code="a">ix, 269 σ. :</subfield>
   <subfield code="b">εικ. ;</subfield>
   <subfield code="c">24 εκ.</subfield>
  </datafield>
  <datafield tag="500" ind1=" " ind2=" ">
   <subfield code="a">&quot;Proceedings of a conference on 'Long-run Effects of Short-run Stabilization Policy,' held at Saltsjϝobaden, Stockholm, 31 August-2 September 1981&quot;--P. [vii].</subfield>
  </datafield>
  <datafield tag="504" ind1=" " ind2=" ">
   <subfield code="a">Περιέχει βιβλιογραφία και ευρετήριο.</subfield>
  </datafield>
  <datafield tag="505" ind1="0" ind2=" ">
   <subfield code="a">Long-run effects of short-run stabilization policy / Lars Calmfors -- The current account in the macroeconomic adjustment process / Jeffrey Sacks -- Global effects of national stabilization policies under fixed and floating exchange rates / Torsten Persson -- Adjustment and structural change under supply shocks / Michael Bruno -- Sectoral shocks in a dependent economy / J. Peter Neary and Douglas D. Purvis -- Stabilization, allocation, and the 1970s oil prices shocks / John F. Helliwell, Paul M. Boothe, and Robert N. McRae -- Inflation, tax rules, and the accumulation of residential and non-residential capital / Martin Feldstein -- Profitability and growth / Pentti J.K. Kouri -- Employment policies, wage formation, and trade union behavior in a small open economy / Lars Calmfors.</subfield>
  </datafield>
  <datafield tag="650" ind1=" " ind2="4">
   <subfield code="a">Economic stabilization</subfield>
   <subfield code="x">Congresses.</subfield>
  </datafield>
  <datafield tag="700" ind1="1" ind2=" ">
   <subfield code="a">Calmfors, Lars,</subfield>
   <subfield code="d">1948-</subfield>
  </datafield>
  <datafield tag="852" ind1=" " ind2=" ">
   <subfield code="a">INST</subfield>
   <subfield code="b">UNIPILB</subfield>
   <subfield code="c">MAIN</subfield>
   <subfield code="e">20081219</subfield>
   <subfield code="h">339.5 LON</subfield>
   <subfield code="p">00156916</subfield>
   <subfield code="q">00156916</subfield>
   <subfield code="t">LOAN</subfield>
   <subfield code="y">0</subfield>
   <subfield code="4">1</subfield>
  </datafield>
 </record>
</collection>
